| 000 | 00560nam a22001577a 4500 | ||
|---|---|---|---|
| 005 | 20120510121829.0 | ||
| 020 |
_a9788123749433 _c90.00 |
||
| 035 | _aB-307225 | ||
| 037 |
_aDPL _bENG |
||
| 100 |
_aBhalla, G.S. _946811 |
||
| 245 |
_aIndian agriculture since independence / _cby G.S. Bhalla |
||
| 260 |
_aNew Delhi _bNational Book Trust, India _c2007 |
||
| 300 |
_aix, 348p. _c20 cms. |
||
| 942 |
_2ddc _cEN _h333.76 _mBHA |
||
| 999 |
_c66414 _d66414 |
||